01184nam a2200289 a 4500003000900000005001700009008003000026020001500056040002500071082002900096100003600125245018100161260003500342300002800377490001200405500007300417590002600490650002400516650004600540650004900586650002700635700004900662700002800711942001200739952012600751999001700877DO-SdBNP20210923132345.0091008s2001 dr 000 0 spa d a9993402577 aDO-SdBNPbspacBNPHU aRD864.44bN124c 20012221 aNacidit-Perdomo, Ylonka,d1967-10aContrapunto, desconcierto y territorios afectivos de mujeres /cYlonka Nacidit-Perdomo ; coordinación editorial Catharina Vanderplaats de Vallejo ; edición Avelino Stanley  aSanto Domingo :bCCLEH,c2001. a184 p. :bil. ;c18 cm.0 aVentana aCrítica canadiense Literaria Sobre Escritoras Hispanoamericanas3  aInventariado, 2021/VM 4aEnsayos dominicanos 4aPoesía dominicanaxHistoria y crítica 4aLiteratura dominicana xHistoria y crítica 4aLiteratura dominicana.1 aVanderplaats de Vallejo, Catharina ecoord. 1 aStanley, Avelino eed. 2ddccBK 00102ddc40708CDaBPMETbBPMETd2021-09-23l0oBPMSU CD RD864.44 N124c 2001pBPMSU21090084r2021-09-23w2021-09-23yBK c13738d13738